MDQL
is popping MORE tags! Check the
thread
!
Quizzes
Events
Quiz Creation
Community
Videos
Private Events
Remove Ads
Sign In
Join for FREE
Feedback
Dark Mode
Quiz Categories
Sports
Geography
Music
Movies
Television
Just For Fun
Miscellaneous
History
Literature
Language
Science
Gaming
Entertainment
Religion
Holiday
For Kids
Quiz Lab
Recent
Popular Today
Quiz Kudos Today
Editor Picks
Curator Picks
Quizzes by...
Day
Popularity
Type
Ratings
Length
Year
Community
Subscriptions
Recent Discussions
Orange Saloon
Badges
Playlists
Quests
Create
Leaderboards
Showdown
Live 5
Trivia Bingo
Activity
Puzzle Library
Sporcle Events
Private Events
Virtual Trivia
Globe League
Become a Host
Pub Owners
SporcleCon
Opinionation
Our Games
Videos
Blog
Mobile Apps
Partnerships
Remove Ads and Go Orange
Feedback
Sports
Athletes
MLB
NBA
NHL
NFL
Soccer
Sports Teams
WWE
NCAA
Football
Premier League
Basketball
Baseball
Hockey
Golf
Tennis
Cricket
Rugby
Auto Racing
Olympics
World Cup
Sports
Athletes
MLB
NBA
NHL
NFL
Soccer
Sports Teams
WWE
NCAA
Football
Premier League
Basketball
Baseball
Hockey
Golf
Tennis
Cricket
Rugby
Auto Racing
Olympics
World Cup
Random Quiz
Search Sporcle
×
Quiz Lab
Quiz Lab
Sports
total
Type in answers that appear in a list
Type in answers that appear in a list
Classic
Best Score? Go Orange.
2009 Passing TDs Stats
Can you name the players who threw a touchdown pass in the 2009 regular season?
By
jaboi69
15m
63 Questions
288 Plays
288 Plays
288 Plays
Comments
Comments
Give Quiz Kudos
Give Quiz Kudos
-
- Ratings
hide this ad
Replay
Link that replays current quiz
Next Quiz
Link to next quiz in quiz playlist
You Got
0%
They Got
Avg Score
78%
Avg Friend Score
Upgrade to see
Score Distribution
Jump to the score distribution portion of the page
Score
0/63
Timer
15:00
0
Plays Today
total TD passes
player
% Correct
34
Drew Brees
99.7%
33
Peyton Manning
99.7%
28
Tom Brady
99.7%
27
Eli Manning
99.7%
33
Brett Favre
99.3%
28
Philip Rivers
99.3%
30
Aaron Rodgers
99%
27
Kurt Warner
98.6%
22
Donavan McNabb
98.6%
26
Tony Romo
98.3%
29
Matt Schaub
97.9%
21
Carson Palmer
97.9%
22
Matt Ryan
97.6%
21
Joe Flacco
97.6%
18
Alex Smith
97.2%
1
Hunter Smith
97.2%
27
Jay Cutler
96.9%
17
Matt Hasselbeck
96.9%
21
Kyle Orton
96.5%
12
Mark Sanchez
96.5%
10
Vince Young
96.5%
26
Ben Roethlisberger
95.8%
20
Jason Campbell
95.8%
13
Matthew Stafford
95.1%
16
Matt Cassel
94.1%
15
David Garrard
93.4%
8
Jake Delhomme
93.4%
8
Brady Quinn
92%
6
Kerry Collins
91.3%
12
Chad Henne
91%
5
Marc Bulger
88.9%
3
JaMarcus Russell
88.2%
total TD passes
player
% Correct
3
Derek Anderson
86.1%
10
Josh Freeman
83%
6
Trent Edwards
83%
4
Kevin Kolb
81.3%
1
Fred Jackson
78.5%
1
Tarvaris Jackson
78.5%
9
Ryan Fitzpatrick
78.1%
1
Michael Vick
77.4%
1
Chad Pennington
77.1%
8
Matt Moore
76%
4
Josh Johnson
76%
1
Mewelde Moore
76%
3
Seneca Wallace
70.8%
6
Bruce Gradkowski
70.5%
3
Daunte Culpepper
70.5%
5
Shaun Hill
68.4%
1
Ronnie Brown
65.3%
1
Josh Brown
65.3%
1
Joseph Addai
55.9%
4
Byron Leftwich
53.5%
4
Chris Redman
49.7%
3
Kyle Boller
47.9%
1
Dennis Dixon
45.8%
1
David Carr
45.1%
2
Brodie Croyle
39.6%
1
Billy Volek
38.2%
1
Tyler Thigpen
36.5%
1
Charlie Frye
27.1%
3
Keith Null
26.4%
1
Brian Moorman
6.9%
1
Brian St. Pierre
1.7%
Quiz Playlist
Details
Report
Send in Message
Add To Playlist
Classic:
Type in answers that appear in a list
Last Updated: Feb 16, 2017
Quiz Scoreboard
CHALLENGE
Sign Up to Join the Scoreboard
Show All
Scores
Hide
Comments
May contain spoilers
Recently Published
Colored Red Africa Blitz
by spor1
Geography
30s
Find the 'City' Movie
by crazypaving
Movies
60s
5x2 Blitz: Bands
by SL_Kpop136
Music
30s
More to Explore
Quiz From the Vault
Featured Blog Post
14 Easter Pick-up Lines to Find Eggs With
hide this ad
You Might Also Like...
Tags
2009
Passing
Player
regular
season
tds
team
Threw
total
Touchdown
Today's Top Quizzes in Sports
Browse Sports
hide this ad
Today's Top Quizzes in total
Browse total
Top Contributed Quizzes in Sports
1
Players with Multiple 50 Home Run Seasons
2
Les entraîneurs de l'OM et du PSG au 21e siècle
3
Criteria MLB: Left Handed Sluggers
4
2022 World Cup Stars
5
Les meilleurs buteurs des matchs entre le PSG et l’OM
6
Who Hit More Homers?
7
Les joueurs passés par le PSG et l'OM
8
NBA Logic Puzzle 2.0
9
Top 10 NHL Goal Scorers of All Time
10
MLB Players with Two .350 Batting Average Seasons
Explore More
Trending Topics
Kpop
Crossword
NBA
Anime
Marvel
Harry Potter
Disney
Soccer
NFL
The Office
Puzzle
Country
Song
Pokémon
WWE
hide this ad
More By:
jaboi69
Quiz
Plays
Rating
Category
Featured
Created
Caddyshack
3,005
4.25
Movies
Feb 7, 2010
2009 Passing TDs
288
5.00
Sports
Feb 7, 2010
Go to Creator's Profile
Score Distribution
Quiz Creator Spotlight
jaboi69
Follow
Send a Message
Quizzes Created
-
Created Quiz Play Count
-
More By This Creator
Popular Quizzes Today
1
Colored Red Africa Blitz
2
Find the 'City' Movie
3
Find the US States - No Outlines Minefield
4
5x2 Blitz: Bands
5
The Countries of the World
6
Find the US States
7
US States
8
9x9 Crossword: Cartoon Network
More Sports Quizzes
Most Test wickets as captain
Editor's Pick
Trending Quizzes
Colored Red Europe Blitz I
Colored Red Europe Blitz II
Colored Red Africa Blitz II
Colored Red Africa Blitz III
Colored Red Europe Blitz III
Recently Updated
Godzilla Movies
pecheneg
Grab Bag: 4-10 Letters
pecheneg
2024 March Madness Bracket
pecheneg
Famous TV Couples
Peacemaker
Champions League XIs: Real Madrid
pecheneg
Largest US Cities 1790-2010
pecheneg
Rides in Walt Disney World
pecheneg
Most Oscar Losses (Acting)
pecheneg
Beyoncé Albums
pecheneg
Leaping Animals
pecheneg
Trending Topics
NBA
Marvel
Crossword
Anime
Disney
Harry Potter
Kpop
Pokémon
WWE
Puzzle
Song
The Office
Soccer
NFL
Country
Your Account Isn't Verified!
In order to create a playlist on Sporcle, you need to verify the email address you used during registration. Go to your
Sporcle Settings
to finish the process.
Report this User
Report this user for behavior that violates our
Community Guidelines
.
Details:
Send Report
Go to the Sporcle.com Mobile Site →
Comments